000 00812nam a22002177a 4500
005 20100730134719.0
010 _aENG- 97445
020 _a9788184840261
_c750.00
035 _aEN-80978
037 _bDBAD/PUB
082 _a371.967
100 _aDas, B.C.
_93614
245 _aTribal education :
_btrends and future scenario /
_cby B.S. Das ; foreword by P.K. Sahoo
260 _aNew Delhi
_bRegal Publications
_c2009
270 _aF-159, Rajouri Garden,
_bNew Delhi
_e110 027
300 _axiv, 186p.
_c22 cm (Hb)
500 _aIncludes bibliographical references and index
700 _aSahoo, P.K.
_93161
942 _2ddc
_cEN
_h371.967
_mDAS
999 _c38247
_d38247